Famous Kens - Statistics

General Stats
  • This quiz has been taken 125 times
  • The average score is 5 of 16
Answer Stats
Clue Famous Ken % Correct
"The Gambler" Kenny Rogers
78%
74x Jeopardy Champion Ken Jennings
59%
Former Mariner's Slugger Ken Griffey Jr.
43%
Messina's Partner Kenny Loggins
43%
"She Thinks my Tractor's Sexy" Kenny Chesney
42%
Sportscaster; Marv's son Kenny Albert
40%
"One Flew Over the Cuckoo's Nest" Ken Kesey
39%
"The Hangover" Ken Jeong
31%
Clothing designer Kenneth Cole
24%
"The Last Samurai" Ken Watanabe
18%
WWF/UFC Champion Ken Shamrock
15%
Thor director Sir Kenneth Branagh
13%
"Pillars of the Earth" Ken Follett
12%
Enron CEO Kenneth Lay
10%
Charlotte Hornet's sharpshooter Kendall Gill
3%
American imprisoned in North Korea Kenneth Bae
2%
No matching quizzes found
Score Distribution
Percent of People with Each Score
Percentile by Number Answered
Your Score History
You have not taken this quiz